01917nam a22004337a 4500003000500000005001700005008004100022010001000063011001000073035001000083040000900093090001000102100005100112245015200163260004000315300002000355502007500375590003700450590004100487590004100528590004100569590004100610590004200651650003900693650003500732650003400767650003600801650003700837650002900874901000700903942000900910949004300919949005500962949005501017999001701072952013301089952013301222952012801355CHAP20220329140942.0971013s1988 r 00010 d a60347 a61319 a65483 cCHAP aTesis00aFernández Cárdenas, José Antonio.940141 aSistema de producción de carne de bovino bajo praderas de estrella africana (Cynodon plectostachyus) bajo en condiciones de riego en Colima, Col. aChapingo, Méx. :bEl autor,c1988 a58 h.b; anexos aTesis (Ing. Agr. Esp. en Zootecnia) -- UACH. Departamento de Zootecnia aALEPHb10c20130110lUCH01h1339 aBATCH-UPDb10c20130109lUCH01h2354 aBATCH-UPDb10c20130110lUCH01h2057 aBATCH-UPDb10c20130410lUCH01h1410 aBATCH-UPDb10c20130914lUCH01h0850 aCONVERSIONb10c20130109lUCH01h133214aCarne de resxProducción.91922214aCynodon plectostachyus.93080214aGanado vacunoxColima.94544514aGanado vacunoxPastoreo.94550214aPastizalesxIrrigación.98594114aPraderasxColima.991237 aBK cFOLL bBCcTESd-146180eTS1h29149i65483si bBCcTESd33724000089967eTS2fc.3h29151i65483si bBCcTESd33724000089975eTS2fc.2h29150i65483si c60347d60347 00102local4053708TESISaBCbBCcPA_TESISd2019-12-31fTESISl0p33724000089967r2019-12-31 00:00:00tc.3w2019-12-31yTESIS 00102local4053708TESISaBCbBCcPA_TESISd2019-12-31fTESISl0p33724000089975r2019-12-31 00:00:00tc.2w2019-12-31yTESIS 00102local4051708TESISaBCbBCcPA_TESISd2019-12-31fTESISl0oTesisp-146180r2019-12-31 00:00:00w2019-12-31yTESIS